| 000 | 00728nam a2200241Ia 4500 | ||
|---|---|---|---|
| 999 |
_c49862 _d49862 |
||
| 001 | 16797 | ||
| 003 | GE_BSU | ||
| 005 | 20200131101238.0 | ||
| 008 | 181216s2006||||fr |||||||||||||| ||fre|| | ||
| 020 | _a9782011554208 | ||
| 040 | _cGE_BSU | ||
| 080 | _a811.133.1 A-44 | ||
| 100 |
_aBerthet, Annie. _96558 |
||
| 245 |
_aAlter Ego. A1. _bMethode de Frangais.1 : / _cAnnie Berthet ; Catherine Hugot,. |
||
| 260 | _aParis | ||
| 264 |
_aParis : _bHachette, _c2006. |
||
| 300 |
_a192 p .; _b ill ; _c 28 cm. _e+CD eleve |
||
| 653 | _aAlter Ego. A1.Methode de Frangais.1 | ||
| 653 | _aფრანგული ენა | ||
| 653 | _aგრამატიკა | ||
| 700 |
_aHugot, Catherine. _96550 |
||
| 942 |
_cBK _2udc |
||